000 01138nam a2200277 i 4500
001 137032
003 ES-MaACL
005 20260121131204.0
007 t|
008 070214m19251927sp |||| | spa d
080 _a355.49(460)"12/14"
100 1 _aSalas, Francisco Javier de,
_d1832-1890
_9151213
245 1 0 _aMarina española de la Edad Media :
_bbosquejo histórico de sus principales sucesos en relación con la historia de las coronas de Aragón y de Castilla /
_cpor el capitán de navío... F. Javier de Salas.
250 _a2ª ed.
260 _aMadrid :
_b[s. n.],
_c1925-1927 (
_fImp. del Ministerio de Marina)
300 _a2 v. (XXI, 511 ; 409 p.) ;
_c23 x 16 cm.
500 _aApéndice documental.
530 _aDisponible en formato digital.
651 4 _aAragón (Reino)-
_xHistoria naval.
_9151214
651 4 _aCastilla (Reino)-
_xHistoria naval.
_9150770
710 1 _aEspaña.
_bMinisterio de Marina.
_93909
852 4 _aES-MaACL
_jB-3589-90
_cSPB
856 4 _uhttp://bdh-rd.bne.es/viewer.vm?id=0000013596&page=1
_y(Biblioteca Digital Hispánica)
942 _2udc
999 _c137032
_d137032